| 000 | 00535nam a2200205Ia 4500 | ||
|---|---|---|---|
| 005 | 20241218005848.0 | ||
| 008 | 240331s9999 xx 000 0 und d | ||
| 020 | _a8185229457 | ||
| 082 |
_bSAN _a824 |
||
| 100 | _aSangari,K | ||
| 245 | 0 |
_aPolitics of the possible : _bessays on gender, history, narratives colonial English |
|
| 250 | _a | ||
| 260 |
_aNew Delhi _bTulika _c1999 |
||
| 300 | _axlix, 503 p ., copy ii | ||
| 650 | _aGender | ||
| 650 | _aHistory | ||
| 650 | _aNarratives | ||
| 650 | _aColonial English | ||
| 942 | _cL | ||
| 999 |
_c3360 _d3360 |
||